000 00676nam a2200205 a 4500
005 20210223132245.0
008 131210s2010 mx r 000 0 spa d
020 _a9789588319995
035 _aUPN01000194672
049 _aCG
050 4 _aPN6054
_bD5.2
245 0 0 _aDiario de Adán y Eva y otras historias dignas de recordar /
_cComp. Norma Constanza Idárraga Hernández ; tr. Pablo Rolando Arango.
260 _aManizales, Colombia :
_bUniversidad de Caldas,
_c2010.
300 _a271 p.
440 0 _aLuminautas ;
_v11
650 4 _aANTOLOGIAS LITERARIAS
_94762
700 1 _aIdárraga Hernández, Norma Constanza,
_ecomp.
905 _aLibro
999 _c166773
_d166773